[Event "Nairobi County-ch"]
[Site "Karen"]
[Date "2025.05.31"]
[Round "3"]
[White "Kimani, Hubert"]
[Black "Ezekiel, Karani"]
[Result "0-1"]
[WhiteElo "1686"]
[BlackElo "1883"]
[PlyCount "65"]
[EventDate "2025.05.31"]
[EventType "swiss"]
[EventRounds "8"]
[EventCountry "KEN"]
[SourceTitle "CB24_2025"]
[SourceDate "2025.06.11"]
[SourceVersion "1"]
[SourceVersionDate "2025.06.11"]
[SourceQuality "1"]

1. e4 c5 2. f4 e6 3. Nf3 Nf6 4. d3 d6 5. Be2 Nc6 6. Be3 d5 7. e5 d4 8. exf6 dxe3 9. fxg7 Bxg7 10. c3 Qc7 11. g3 Ne7 12. Na3 Nd5 13. Nc2 Qb6 14. Qc1 Bd7 15. Rb1 Ba4 16. Nxe3 Nxe3 17. Qxe3 Bc2 18. 0-0 Bxb1 19. Rxb1 Bxc3 20. Kg2 Bf6 21. Qe4 0-0-0 22. b4 Rd5 23. d4 cxd4 24. Bc4 Rd7 25. a4 Kb8 26. Qd3 Rc8 27. a5 Qc6 28. Bb3 Qc3 29. Qb5 Rdc7 30. f5 a6 31. Qa4 e5 32. Re1 Qb2+ 33. Kg1 0-1

[Event "Nairobi County-ch"]
[Site "Karen"]
[Date "2025.05.31"]
[Round "2"]
[White "Ochiel, John"]
[Black "Kimani, Hubert"]
[Result "0-1"]
[WhiteElo "1449"]
[BlackElo "1686"]
[PlyCount "62"]
[EventDate "2025.05.31"]
[EventType "swiss"]
[EventRounds "8"]
[EventCountry "KEN"]
[SourceTitle "CB24_2025"]
[SourceDate "2025.06.11"]
[SourceVersion "1"]
[SourceVersionDate "2025.06.11"]
[SourceQuality "1"]

1. e4 e6 2. Nf3 d6 3. Be2 Nf6 4. Nc3 c5 5. 0-0 Nc6 6. Re1 Be7 7. Bb5 e5 8. Nd5 Nxd5 9. exd5 a6 10. dxc6 axb5 11. cxb7 Bxb7 12. c3 0-0 13. d4 e4 14. Nd2 d5 15. Nb3 c4 16. Nc5 Bxc5 17. dxc5 f5 18. Bf4 Qf6 19. Qh5 h6 20. Rad1 Rxa2 21. Be3 Rxb2 22. Ra1 Qxc3 23. Red1 Qc2 24. Ra7 f4 25. Bd4 f3 26. Rf1 Rb1 27. Ra1 Rxf1+ 28. Rxf1 fxg2 29. Kxg2 e3 30. Qe5 Rxf2+ 31. Rxf2 Qxf2+ 0-1